METHODOLOGY OF AN INDUSTRY SITE RESTORATION

Bibliographic Details
Main Author: Trnovec, Andrej, 1963- (Author)
Format: Article
Language:English

MARC

LEADER 00000naa a2200000uu 4500
001 vtls010952937
003 SK-MaSNL
005 20260302123811.0
008 210906|1999 xo |||||||||||||||||eng|
015 |a SNBRA 
035 |a (urnnbn)urn:nbn:sk:snk:ar-a0bl7n 
035 |a (uuid)94088a79-8bb0-4f0b-b2ec-c43683cef140 
035 |a urn:nbn:sk:snk-aaud7x 
040 |a SNKBUCL  |b slo  |c SNKBUCL  |e AACR2 
041 0 |a eng 
044 |a xo  |c SK 
100 1 |a Trnovec, Andrej,  |d 1963-  |4 aut  |9 12572 
245 1 0 |a METHODOLOGY OF AN INDUSTRY SITE RESTORATION  |c Andrej A. Trnovec 
773 0 |t Hydrogeology and land use management  |d Bratislava : Slovak Association of Hydrogeologists], 1999, 1999  |g S. 539-543  |z 8096820095 
958 |a OND 
958 |a article11 
958 |a chapter 
999 |c 1284621  |d 1286551